Zambia 2022 Census of Population and Housing: (Record no. 1806)

MARC details
000 -LEADER
fixed length control field 00695nam a22002177a 4500
005 - DATE AND TIME OF LATEST TRANSACTION
control field 20250415145034.0
008 - FIXED-LENGTH DATA ELEMENTS--GENERAL INFORMATION
fixed length control field 250415b |||||||| |||| 00| 0 eng d
040 ## - CATALOGING SOURCE
Original cataloging agency KMU
Transcribing agency KMU
Modifying agency KMU
050 ## - LIBRARY OF CONGRESS CALL NUMBER
Classification number HA473.Z3.AS
110 ## - MAIN ENTRY--CORPORATE NAME
Subordinate unit Zambia Statistics Agency(ZSA)
245 ## - TITLE STATEMENT
Title Zambia 2022 Census of Population and Housing:
Remainder of title Revised population summary report/
Statement of responsibility, etc. Zambia Statistics Agency(ZSA)
260 ## - PUBLICATION, DISTRIBUTION, ETC.
Place of publication, distribution, etc. Lusaka:
Name of publisher, distributor, etc. Zambia Statistics Agency(ZSA),
Date of publication, distribution, etc. 2025
300 ## - PHYSICAL DESCRIPTION
Extent 320 P.:
Other physical details ill.;
Dimensions 27cm
490 ## - SERIES STATEMENT
Volume/sequential designation Volume two
500 ## - GENERAL NOTE
General note Include key persons involved in the production of the report
610 ## - SUBJECT ADDED ENTRY--CORPORATE NAME
Corporate name or jurisdiction name as entry element Census
610 ## - SUBJECT ADDED ENTRY--CORPORATE NAME
Corporate name or jurisdiction name as entry element Population
610 ## - SUBJECT ADDED ENTRY--CORPORATE NAME
Corporate name or jurisdiction name as entry element Housing
610 ## - SUBJECT ADDED ENTRY--CORPORATE NAME
Corporate name or jurisdiction name as entry element Report
942 ## - ADDED ENTRY ELEMENTS (KOHA)
Koha item type Report
Suppress in OPAC No
Source of classification or shelving scheme Dewey Decimal Classification
Holdings
Withdrawn status Lost status Source of classification or shelving scheme Damaged status Use restrictions Not for loan Collection Home library Current library Shelving location Date acquired Total Checkouts Full call number Barcode Date last seen Price effective from Koha item type Source of acquisition
    Library of Congress Classification   Restricted Access Not For Loan Non-fiction Kapasa Makasa University Kapasa Makasa University Special Collection 15.04.2025   ZAM HA473.Z3.A3 ZAM 301121 15.04.2025 15.04.2025 Report  
    Library of Congress Classification   Restricted Access Not For Loan Non-fiction Kapasa Makasa University Kapasa Makasa University Special Collection 15.04.2025   ZAM HA473.Z3.A3 ZAM 301122 15.04.2025 15.04.2025 Report  
    Library of Congress Classification   Restricted Access Not For Loan Non-fiction Kapasa Makasa University Kapasa Makasa University On Display 15.04.2025   HA473.Z3.A3 ZAM 301123 15.04.2025 15.04.2025 Report  
    Library of Congress Classification       Non-fiction Kapasa Makasa University Kapasa Makasa University Open Access 15.04.2025   HA473.Z3.A3 ZAM 301125 15.04.2025 15.04.2025 Report  
    Library of Congress Classification       Non-fiction Kapasa Makasa University Kapasa Makasa University Open Access 15.04.2025   HA473.Z3 A3 ZAM 301124 15.04.2025 15.04.2025 Report Donation